| 000 | 04651cam a22007094i 4500 | ||
|---|---|---|---|
| 003 | PE-LiUPU | ||
| 005 | 20250731173047.0 | ||
| 008 | 160613s2016 orua rb 000 0 eng d | ||
| 020 |
_a9781498239097 _q(paperback) |
||
| 035 | _a(Sirsi) i9781498239097 | ||
| 035 | _a(OCoLC)951646400 | ||
| 040 |
_aYDXCP _bspa _erda _cYDXCP _dBTCTA _dJET _dYDX _dOCLCF _dOCLCQ _dIHT _dPE-LiUPU |
||
| 049 | _aPRUA | ||
| 050 | 4 |
_aBR115.C8 _bN44 2016 |
|
| 082 | 0 | 4 |
_a261 _bN36 _223 |
| 100 | 1 |
_aNehrbass, Kenneth, _eautor. |
|
| 245 | 1 | 0 |
_aGod's image and global cultures : _bintegrating faith and culture in the twenty-first century / _cKenneth Nehrbass. |
| 264 | 1 |
_aEugene, Oregon : _bCascade Books, _c[2016]. |
|
| 300 |
_axx, 229 páginas : _bilustraciones ; _c23 centímetros |
||
| 336 |
_atext _2rdacontent |
||
| 337 |
_aunmediated _2rdamedia |
||
| 338 |
_avolume _2rdacarrier |
||
| 504 | _aBibliografía : páginas 219-229. | ||
| 505 | 0 | _aThe gospel and global trends -- Why globalization matters for Christians -- The gospel and the USA -- Understanding culture and theology -- The role of culture in theology -- An evangelical explanation of culture -- God and the origin of ethnicity and culture -- The gospel and cultural differences -- An evangelical approach toward evaluating and changing cultures -- The gospel and the role of Christians in culture -- God's thoughts about culture -- God's plan for culture -- God's plan for cultural variables -- Competencies for cross-cultural impact -- Becoming World Changers. | |
| 520 |
_aGlobalization has raised numerous questions about theology and culture for Christians. How should we respond to outsourcing and immigration? How does anti-Western sentiment affect the proclamation of the gospel? What is the role of the church in society? This book argues that Christians will be most fulfilled and most effective if they embrace their cultural activity rather than feel ambivalent about it. The central question of this book is, how does bearing God's image relate to cultural activity? Nehrbass explains that "spheres of culture," such as political, technological, and social structures, are systems that God has instilled in humans as his image bearers, so that they can glorify and enjoy him forever. Therefore, a theology of culture involves recognizing that the kingdom of God encompasses heaven and Earth, rather than pitting heaven against Earth. The text surveys anthropological explanations for humanity's dependence on culture, and shows that each explanation provides only partial explanatory scope. The most satisfying explanation is that a major functional aspect of bearing God's image is engaging in culture, since the Trinity has been eternally engaged in cultural functions like ruling, communicating, and creating. Each chapter contains a summary and questions about what it means to be a world-changer in the twenty-first century. -- _cProvided by publisher. |
||
| 526 | _aSEG42 | ||
| 526 | _aSEG41 | ||
| 526 | _aSEG40 | ||
| 526 | _aSEG39 | ||
| 526 | _aP94 | ||
| 526 | _aP87 | ||
| 526 | _aP86 | ||
| 526 | _aP85 | ||
| 526 | _aP77 | ||
| 526 | _aP76 | ||
| 526 | _aP35 | ||
| 650 | 4 |
_aCristianismo y cultura.. _91358 |
|
| 650 | 4 | _aCultura y globalización | |
| 650 | 4 |
_aCultura. _93019 |
|
| 650 | 4 |
_aGlobalización _xAspectos religiosos _xCristianismo. |
|
| 650 | 4 | _aImagen de Dios. | |
| 650 | 4 |
_aMulticulturalismo _xAspectos religiosos _xCristianismo. |
|
| 650 | 0 | _aChristianity and culture. | |
| 650 | 0 | _aCulture and globalization. | |
| 650 | 0 | _aCulture. | |
| 650 | 0 |
_aGlobalization _xReligious aspects _xChristianity. |
|
| 650 | 0 | _aImage of God. | |
| 650 | 0 |
_aMulticulturalism _xReligious aspects _xChristianity. |
|
| 650 | 7 |
_aChristianity and culture. _2fast _0(OCoLC)fst00859660 |
|
| 650 | 7 |
_aCulture and globalization. _2fast _0(OCoLC)fst01736229 |
|
| 650 | 7 |
_aCulture. _2fast _0(OCoLC)fst00885059 |
|
| 650 | 7 |
_aGlobalization _xReligious aspects _xChristianity. _2fast _0(OCoLC)fst00943543 |
|
| 650 | 7 |
_aImage of God. _2fast _0(OCoLC)fst01432055 |
|
| 650 | 7 |
_aMulticulturalism _xReligious aspects _xChristianity. _2fast _0(OCoLC)fst01028850 |
|
| 910 |
_adbm _bjpc _cjpc _d20171201 |
||
| 942 |
_2ddc _cBOOK |
||
| 949 |
_a261 N36 _wDEWEY _c1 _i77366 _lCATALOGING _mBUL _p18.00 _r0 _sY _tBOOK _u2017-12-11 _xPOSGRADO _PP85 _0DONACION _o.STAFF. Colección Teología |
||
| 994 |
_aC0 _bPEPRU |
||
| 596 | _a1 | ||
| 999 |
_a261 N36 _wDEWEY _c26496 _i77366 _d26496 _f2021-11-10 _g4 _lCCODEBUL1 _mBUL _p18.00 _q1 _r0 _sY _tBOOK _u2017-12-11 _xTEOLOGIA _PP85 _0DONACION _o.STAFF. Colección Teología |
||
| 980 |
_81 _gALBERTO SANCHEZ Responsable de Automatización |
||